000 00708nam a2200253Ia 4500
003 OSt
005 20220918214512.0
006 a|||||r|||| 00| 0
007 ta
008 220917b |||||||| |||| 00| 0 eng d
024 _a137,716
037 _cTextual
040 _aARTS
_cARTS
_beng
041 _2eng
_aeng
082 _aY:356.2, L7-;1
100 _aGanguly S N
_9131523
245 0 _aTradition modernity and development
_b A study in contemporary Indian society
260 _aDelhi
_bMacmillan
_c1977
300 _avii, 182p.
_ccm.
500 _aIncludes Bibliography
650 _aSOCIOLOGY
942 _hY:356.2, L7-;1
_cTEXL
_2CC
999 _c260795
_d260795